| 000 | 00950nam0a22002531 4500 | ||
|---|---|---|---|
| 001 | v19\rc\1681665 | ||
| 005 | 20260406202304.0 | ||
| 035 | _a(NLR Aleph) 004787368 | ||
| 090 |
_a4695521 _c4695521 |
||
| 100 | _a20061002d1895 |||y0rusy50 ca | ||
| 101 | 0 | _arus | |
| 102 | _aRU | ||
| 105 | _ay z ||||| | ||
| 200 | 1 |
_aУстав Русского Донецкого общества каменноугольной и заводской промышленности _e[Утв. 16 июня 1895 г.] |
|
| 210 |
_aСанкт-Петербург _d1895 |
||
| 215 |
_a32 с. _d18 |
||
| 710 | 0 | 2 |
_aРусское Донецкое о-во каменноугольной и заводской промышленности _cМакеевка _9420719 _3RU\NLR\AUTH\889962197 |
| 801 | 0 |
_aRU _bNLR _gpsbo |
|
| 801 | 0 |
_aRU _bRuMoRGB _2psbo |
|
| 801 | 1 |
_aRU _bProSoft-M _2rusmarc |
|
| 852 |
_aNLR _j18.269.4.294 |
||
| 899 |
_aRuMoRGB _jA 242/985 |
||
| 942 | _cBOOK | ||
| 980 | _aNB | ||